Nomi dei calciatori - Quiz n°54 - Statistics

Statistiche generali
  • Questo quiz è stato fatto 54 volte
  • Il punteggio medio è 8 su 10
Statistiche sulle risposte
Hint Risposta % Corretto
de Jong Frenkie
91%
Di María Ángel
89%
Pjaca Marko
85%
Tolói Rafael
83%
Gakpo Cody
79%
Koundé Jules
77%
Pozzi Nicola
72%
Kimpembe Presnel
70%
Tagliafico Nicolás
66%
Pinzi Giampiero
62%
Nessun quiz corrispondente trovato
Distribuzione punteggi
Percentuale di utenti per punteggio
Percentile per numero di risposta
I tuoi punteggi nel tempo
Non hai fatto questo quiz